<?xml version="1.0" encoding="UTF-8"?>
<marc:record xmlns:marc="http://www.loc.gov/MARC21/slim">
   <marc:leader>00000nam a2200000 a 4500</marc:leader>
   <marc:datafield ind1="1" ind2=" " tag="100">
      <marc:subfield code="a">Heldt, Dora</marc:subfield>
      <marc:subfield code="4">aut</marc:subfield>
      <marc:subfield code="e">Verfasser/-in</marc:subfield>
   </marc:datafield>
   <marc:datafield ind1="0" ind2="0" tag="245">
      <marc:subfield code="a">Liebe oder Eierlikör</marc:subfield>
   </marc:datafield>
   <marc:datafield ind1="0" ind2="0" tag="245">
      <marc:subfield code="b">Großdruck</marc:subfield>
   </marc:datafield>
   <marc:datafield ind1=" " ind2="1" tag="264">
      <marc:subfield code="b">dtv Verlagsgesellschaft</marc:subfield>
      <marc:subfield code="c">2025</marc:subfield>
   </marc:datafield>
   <marc:datafield ind1="1" ind2=" " tag="490">
      <marc:subfield code="a">Großdruck</marc:subfield>
   </marc:datafield>
   <marc:datafield ind1="1" ind2=" " tag="520">
      <marc:subfield code="a">Früher war mehr RomantikErnst Mannsen versteht die Welt nicht mehr. Hilke Petersen trägt auf einmal Lippenstift und hat angeblich eine Romanze, und Hella und Gudrun reden von Frühlingsgefühlen. Und das halbe Dorf hat sich bei einer Dating-App namens &amp;#x00bb;Liebe oder Eierlikör&amp;#x00ab; angemeldet. Dabei hat Ernst schon so viel über Betrüger im Netz gelesen. Er ist wild entschlossen, diese Katastrophe zu verhindern. Mithilfe seines Enkels Mats und Freundin Hella forscht er undercover nach, nicht ahnend, wie schnell man sich auf einem Date wiederfinden kann &amp;#x2026;</marc:subfield>
   </marc:datafield>
   <marc:datafield ind1=" " ind2=" " tag="020">
      <marc:subfield code="a">9783423254588</marc:subfield>
      <marc:subfield code="9">9783423254588</marc:subfield>
   </marc:datafield>
</marc:record>
